Önce Türkiye (Record no. 7180)

MARC details
000 -BAŞLIK
Sabit Uzunlukta Kontrol Alanı 01499na a2200385 4500
999 ## - SİSTEM KONTROL NUMARALARI (KOHA)
Koha Biblionumber 7180
Koha Biblioitemnumber 7180
001 - KONTROL NUMARASI
Denetim Alanı 19822
003 - KONTROL NUMARASI IDENTIFIER
Denetim Alanı MIRAKIL
005 - SON İŞLEM TARİHİ VE ZAMANI
Denetim Alanı 20210324115243.0
008 - SABİT-BOY VERİ ELEMANLARI - GENEL BİLGİLER
Sabit Uzunlukta Kontrol Alanı 161227b tu 000 0
035 ## - SİSTEM KONTROL NUMARASI
Sistem Kontrol Numarası 19822
040 ## - KATALOGLAMA KAYNAK
Orijinal Kataloglama Ajansı Milas
Kataloglama Dili tur
Metne Dönüştürmek Ajansı TR-AnCHP
041 ## - DİL KODU
Metin / Ses Parça Veya Ayrı Başlığın Dil Kodu tur
082 ## - DEWEY ONLU SINIFLANDIRMA NUMARASI
Sınıflandırma Numarası CHP 324.2372
Ürün Numarası K44ö 2015
090 ## - SINIFLAMA NUMARASI
Sınıflama Numarası BROŞÜR 175
100 ## - ANA GİRİŞ - KİŞİSEL İSİM
Kişisel Ad Kılıçdaroğlu, Kemal
Bir Adıyla İlişkilendirilen Başlıklar Ve Kelimeler CHP Genel Başkanı
240 ## - ÜNİFORM BAŞLIK
Üniforma Başlık <a href="Önce Türkiye">Önce Türkiye</a>
Bir İşin Tarihi Kasım 2015
245 ## - BAŞLIK TABLOSU
Başlık Önce Türkiye
Başlığın Kalan Önce sendikal haklar
Sorumluluk Tablosu, Vb [Kemal Kılıçdaroğlu]
Form [broşür]
246 ## - UNVAN FORM VARYING
Başlık Doğru / Kısa Başlığı Önce sendikal haklar
260 ## - YAYIN, DAĞITIM, VB
Yayın, Dağıtım, Vb Yeri Ankara
Yayıncı, Dağıtıcı, Vs Adı CHP
Yayın, Dağıtım, Vb Tarihi 2015
300 ## - FİZİKSEL TANIM
Kapsam ktl. broşür
Diğer Fiziksel Ayrıntıları rnkl. fotg.
Boyutlar 20x19 sm.
440 ## - SERİSİ TABLOSU / KATMA GİRİŞİ - BAŞLIK
Başlık Cumhuriyet Halk Partisi yayınları
Bir İşin Parçası / Bölümün İsmi Önce Türkiye dizisi
600 ## - KONU KATMA GİRİŞ - KURUMSAL ADI
Kişisel Ad Kılıçdaroğlu, Kemal
Genel Alt Bölümü Propaganda ve ideolojiler
Kronolojik Alt Bölümü Sendika politikaları
600 ## - KONU KATMA GİRİŞ - KURUMSAL ADI
Kişisel Ad Kılıçdaroğlu, Kemal
Başlıklar Ve Bir Adla İlişkili Diğer Kelimeler CHP Genel Başkanı
Genel Alt Bölümü Seçim kampanyaları, 2015
Kronolojik Alt Bölümü Sendikal haklar
610 ## - KONU KATMA GİRİŞ - TOPLANTI ADI
Giriş Elemanı Olarak Kurumsal Ad Veya Yargı Alanı Adı CHP
Genel Alt Bölüm Seçim kampanyaları, 2015
Kronolojik Alt Bölüm Sendika politikaları
610 ## - KONU KATMA GİRİŞ - TOPLANTI ADI
Giriş Elemanı Olarak Kurumsal Ad Veya Yargı Alanı Adı CHP
Genel Alt Bölüm Sendikal örgütlenme
Kronolojik Alt Bölüm Çözüm önerileri
610 ## - KONU KATMA GİRİŞ - TOPLANTI ADI
Giriş Elemanı Olarak Kurumsal Ad Veya Yargı Alanı Adı CHP
Genel Alt Bölüm Propaganda ve ideolojiler
Kronolojik Alt Bölüm Genel seçimler, 2015
-- Kılıçdaroğlu dönemi
651 ## - KONU KATMA GİRİŞ - COĞRAFİ ADI
Coğrafi İsim Türkiye
Genel Alt Bölümü Siyaset ve yönetim
Kronolojik Alt Bölümü 2015-
740 ## - KATMA GİRİŞ - KONTROLSUZ İLGİLİ / ANALİTİK BAŞLIK
Kontrol Edilmeyen / İlgili Analitik Başlıktaki Önce sendikal haklar
830 ## - SERİSİ EKLENDİ GİRİŞ - ÜNİFORM ADI
Üniforma Başlık Önce Türkiye dizisi
830 ## - SERİSİ EKLENDİ GİRİŞ - ÜNİFORM ADI
Üniforma Başlık CHP broşürleri
942 ## - EKLENDİ GİRİŞ ELEMANLARI (KOHA)
Sınıflandırma Veya Raf Düzeni Kaynak Dewey Decimal Classification
Koha Öğesi Türü Books
999 ## - SİSTEM KONTROL NUMARALARI (KOHA)
Koha Biblioitemnumber 7180
Holdings
Kalıcı Konum Mevcut Konum Edinme Tarihi Edinim Kaynak Toplam Check-Out'Lar Tam Çağrı Numarası Barkod Tarih Son Görülme İtibaren Geçerli Fiyatlar Koha Öğesi Türü
CHP Kütüphanesi CHP Kütüphanesi 12/27/2016 Bağış   BROŞÜR 175 011298 12/27/2016 12/27/2016 Visual Material